Central Library, Doon University
WEBOPAC (ONLINE PUBLIC ACCESS CATALOGUE)

Vedik Mathematics (Record no. 60666)

MARC details
000 -LEADER
fixed length control field 00569nam a22001817a 4500
005 - DATE & TIME
control field 20260421125323.0
008 - FIXED-LENGTH DATA ELEMENTS--GENERAL INFORMATION
fixed length control field 260421b |||||||| |||| 00| 0 eng d
020 ## - ISBN
International Standard Book Number 9789395458313
Price 275.00
040 ## - CATALOGING SOURCE
Original cataloging agency Doon University
041 ## - Language
Language English
082 ## - DDC NUMBER
Classification number 510
Book Number MAH
100 ## - MAIN ENTRY--PERSONAL NAME
Personal name Maharaj, Bharati Krssna
245 ## - TITLE STATEMENT
Title Vedik Mathematics
Sub Title : His Holiness Jagadguru Sankaracharya Sri Bharati Krsna Tirthaji Maharaja of Govardhana Matha Puri (1884-1960)
260 ## - PUBLICATION, DISTRIBUTION, ETC. (IMPRINT)
Place of publication, distribution, etc Delhi
Name of publisher, distributor, etc Motilal Banarasidass
Date of publication, distribution, etc 2022
300 ## - PHYSICAL DESCRIPTION
Pages 349
651 ## - SUBJECT ADDED ENTRY--GEOGRAPHIC NAME
Geographic name Hindu Studies
942 ## - ADDED ENTRY ELEMENTS (KOHA)
Koha item type Books
100 ## - MAIN ENTRY--PERSONAL NAME
-- 26669
651 ## - SUBJECT ADDED ENTRY--GEOGRAPHIC NAME
-- 26670
952 ## - LOCATION AND ITEM INFORMATION (KOHA)
-- 2026-04-21
952 ## - LOCATION AND ITEM INFORMATION (KOHA)
-- 2026-04-30
-- 2026-04-21
952 ## - LOCATION AND ITEM INFORMATION (KOHA)
-- 2026-04-21
952 ## - LOCATION AND ITEM INFORMATION (KOHA)
-- 2026-04-21
Holdings
Withdrawn status Lost status Source of classification or shelving scheme Damaged status Not for loan Location (home branch) Sublocation or collection (holding branch) Date acquired Koha full call number Accession No. Koha date last seen Koha item type Koha issues (times borrowed)
        Not For Loan Doon University Doon University 21.04.2026 510 MAH 54053 21.04.2026 Reference  
          Doon University Doon University 21.04.2026 510 MAH 54054 18.05.2026 Books 1
          Doon University Doon University 21.04.2026 510 MAH 54055 21.04.2026 Books  
          Doon University Doon University 21.04.2026 510 MAH 54056 21.04.2026 Books  
Contact : +91-135-2533126 (Library),+91-135-2533105 (Admin Office) , Email : doonlibrary@gmail.com

Powered by Koha